000 00410nam a22001697a 4500
003 NUST
020 _a9782940373178
038 _aKhadija
082 _a658.5752
_bMOR
100 _aMorris, Richard
_986317
245 _aFundamentals of Product Design /
_cRichard Morris
260 _aNew York:
_bAvA Academia;
_c2009.
300 _a184p. ;
_b22 cm.
500 _aPaperback.
563 _aPB
942 _cBK
_2ddc
999 _c32478
_d32478